| 000 | 00474nam a2200157 i 4500 | ||
|---|---|---|---|
| 001 | 86903 | ||
| 003 | ES-MaACL | ||
| 005 | 20230906175540.0 | ||
| 007 | t| | ||
| 008 | 041216s1927 gw ||||1| ger d | ||
| 100 | 1 |
_aKolbenheyer, E. G. _968512 |
|
| 245 | 1 | 4 |
_aDas lèacheln der penaten _b: roman / _cE.G. Kolbenheyer. |
| 260 |
_aMünchen : _bAlbert Langen : _bGeorg Müller, _c[1927] ( _fHaag drugulin) |
||
| 300 |
_a274 p. ; _c22 cm. |
||
| 852 |
_aES-MaACL _jF-15737 _bR.20103 |
||
| 999 |
_c86903 _d86903 |
||